000 01065cab a2200385 4500
001 ABS53932
008 090401t1995 xxu||||| |||| 00| 0 eng d
035 _a(Sirsi) u7492
041 _aeng
245 _aEstates Times survey: North East
260 _c1995
350 _a0
490 _aEstates Times
_v(1304) 24 November 1995, 9-22(14)
650 _aBUS LANES
650 _aDURHAM
650 _aELDON SQUARE
650 _aGRAINGER
650 _aINDUSTRIAL MARKET
650 _aINDUSTRIAL RENTS
650 _aINVESTMENT MARKET
650 _aMETROCENTRE
650 _aMIDDLESBROUGH
650 _aNEWCASTLE
650 _aNORTH EAST
650 _aPROPERTY-COMMERCIAL PROPERTY-OFFICE PROPERTY-OFFICE PROPERTY MARKET
650 _aOFFICE RENTS
650 _aPROPERTY-COMMERCIAL PROPERTY-RETAIL PROPERTY-RETAIL PROPERTY MARKET
650 _aRETAIL RENTS
650 _aTEESSIDE
650 _aTYNESIDE
650 _aWAREHOUSES
690 _aPROPERTY-COMMERCIAL PROPERTY-COMMERCIAL PROPERTY MARKET
942 _n0
948 _c04/03/1997
999 _c4532
_d4532